Discursos papeles de gobierno y correspondencia de D. Manuel Montt
Saved in:
| Main Author: | |
|---|---|
| Format: | Book |
| Language: | Spanish |
| Published: |
Santiago, Chile
Universitaria
1982
|
| Subjects: | |
| Tags: |
Add Tag
No Tags, Be the first to tag this record!
|
MARC
| LEADER | 00000nam a2200000 a 4500 | ||
|---|---|---|---|
| 001 | UCO2094 | ||
| 003 | CL-VaPUC | ||
| 005 | 20220309173602.0 | ||
| 008 | 000602e19820000CL |||||||||||||||||spa|d | ||
| 999 | |c 288635 |d 288633 | ||
| 040 | |c Pontificia Universidad Católica de Valparaíso | ||
| 082 | 0 | 4 | |a 983.04 |b MON |2 21 |
| 100 | |a Montt Montt, Luis |e autor |9 444897 | ||
| 245 | 1 | 0 | |a Discursos papeles de gobierno y correspondencia de D. Manuel Montt |
| 260 | |a Santiago, Chile |b Universitaria |c 1982 | ||
| 300 | |a volúmenes | ||
| 583 | |a last modification |c 20000602 00:00:00 |k Rodrigo Vera | ||
| 600 | 0 | |a Montt Torres, Manuel, |d 1809-1880 |9 313788 | |
| 650 | 0 | |a Historia de Chile |9 265473 | |
| 650 | 7 | |a FUENTES HISTORICAS |2 CL-VaPUC |9 255666 |z CHILE | |
| 650 | 0 | |a Discursos políticos |x CORRESPONDENCIA |z CHILE |9 373524 | |
| 852 | |a BIBCUR | ||
| 942 | |c BK |2 ddc | ||
| 945 | |d 20000602 00:00:00 |a crobeson | ||
| 952 | |0 0 |1 0 |2 ddc |4 0 |6 983_040000000000000_MON_1982 |7 0 |8 A |9 336449 |a BIBHIS |b BIBHIS |d 2019-11-20 |h v.1 |i 1278517 |l 1 |m 11 |o 983.04 MON 1982 |p 1278517 |q 2025-07-11 |r 2023-08-14 |s 2023-08-14 |t 1 |w 2019-11-20 |y BK |k HIS | ||
| 952 | |0 0 |1 0 |2 ddc |4 0 |6 983_040000000000000_MON_1982 |7 0 |8 A |9 336450 |a BIBHIS |b BIBHIS |d 2019-11-20 |h v.1 |i 1278525 |o 983.04 MON 1982 |p 1278525 |r 2025-01-20 |t 2 |w 2019-11-20 |y BK |k HIS | ||